Indie Games by Pictures #2 - Statistics

General Stats
  • This quiz has been taken 381 times
  • The average score is 10 of 20
Answer Stats
Picture Answer % Correct
Cuphead
98%
Shovel Knight
78%
Getting Over It with Bennett Foddy
77%
Papers, Please
76%
Don't Starve
75%
OMORI
64%
Super Meat Boy
62%
Limbo
58%
Golf With Your Friends
56%
Superliminal
48%
Phasmophobia
44%
Crypt of the NecroDancer
36%
Night in the Woods
35%
Outlast
35%
Spooky's House of Jumpscares
26%
Pony Island
24%
Off
21%
Emily Is Away
18%
Sort the Court
10%
Bad End Theater
8%
No matching quizzes found
Score Distribution
Percent of People with Each Score
Percentile by Number Answered
Your Score History
You have not taken this quiz